[Event "Bochum-ch"]
[Site "Bochum"]
[Date "2005.05.10"]
[Round "3"]
[White "Loeffelbein, Klaus"]
[Black "Engelberg, Michael"]
[Result "1/2-1/2"]
[WhiteElo "1924"]
[BlackElo "1781"]
[PlyCount "82"]
[EventDate "2005.04.26"]
[EventType "swiss"]
[EventRounds "7"]
[EventCountry "GER"]
[SourceTitle "EXT 2007"]
[Source "ChessBase"]
[SourceDate "2006.11.23"]
[SourceVersion "1"]
[SourceVersionDate "2006.11.23"]
[SourceQuality "1"]

1. d4 d5 2. c4 dxc4 3. e4 e5 4. Nf3 exd4 5. Bxc4 Bb4+ 6. Bd2 Bxd2+ 7. Qxd2 Nc6 8. 0-0 Nh6 9. Bb5 Bd7 10. Bxc6 Bxc6 11. Nxd4 0-0 12. Nxc6 bxc6 13. Qc2 Qf6 14. h3 Rab8 15. Nc3 Qe5 16. Kh1 f5 17. f4 Qc5 18. e5 Rb4 19. Rad1 g6 20. Qd2 Nf7 21. a3 Rbb8 22. b4 Qc4 23. Ne2 Rbd8 24. Qe3 Rxd1 25. Rxd1 Rd8 26. Rxd8+ Nxd8 27. Nd4 Kf7 28. h4 a6 29. Nf3 Ne6 30. g3 h6 31. Kg2 c5 32. bxc5 Nxc5 33. Nd4 Qd5+ 34. Kh2 Ke7 35. Ne2 Ne4 36. h5 gxh5 37. a4 Qa2 38. Kh3 Qa1 39. Kg2 Qxa4 40. Nd4 Qa2+ 41. Kh3 Qf7 1/2-1/2

[Event "Bochum-ch"]
[Site "Bochum"]
[Date "2005.05.03"]
[Round "2"]
[White "Engelberg, Michael"]
[Black "Boehm, Ingo"]
[Result "1-0"]
[WhiteElo "1781"]
[BlackElo "2078"]
[PlyCount "65"]
[EventDate "2005.04.26"]
[EventType "swiss"]
[EventRounds "7"]
[EventCountry "GER"]
[SourceTitle "EXT 2007"]
[Source "ChessBase"]
[SourceDate "2006.11.23"]
[SourceVersion "1"]
[SourceVersionDate "2006.11.23"]
[SourceQuality "1"]

1. e4 d6 2. d4 Nf6 3. Nc3 g6 4. f4 Bg7 5. Nf3 0-0 6. Bd3 Na6 7. a3 c5 8. e5 Nd7 9. Bxa6 bxa6 10. Be3 Bb7 11. dxc5 dxe5 12. fxe5 Nxe5 13. Nxe5 Bxe5 14. Qg4 Qc8 15. Qxc8 Raxc8 16. 0-0 Rfd8 17. Rad1 f5 18. Rd3 Rxd3 19. cxd3 Rd8 20. Rd1 Bf6 21. d4 Kf7 22. b4 e6 23. a4 g5 24. b5 f4 25. Bf2 Be7 26. c6 Bc8 27. d5 axb5 28. axb5 a6 29. b6 exd5 30. Rxd5 Be6 31. Rxd8 Bxd8 32. b7 Bc7 33. Ba7 1-0

[Event "Bochum-ch"]
[Site "Bochum"]
[Date "2004.06.02"]
[Round "5"]
[White "Kloos, Gerhard"]
[Black "Engelberg, Michael"]
[Result "0-1"]
[WhiteElo "1544"]
[BlackElo "1835"]
[PlyCount "72"]
[EventDate "2004.05.05"]
[EventType "swiss"]
[EventRounds "7"]
[EventCountry "GER"]
[SourceTitle "EXT 2006"]
[Source "ChessBase"]
[SourceDate "2005.11.24"]
[SourceVersion "1"]
[SourceVersionDate "2005.11.24"]
[SourceQuality "1"]

1. d4 d5 2. c4 c6 3. Nf3 Nf6 4. Nc3 e6 5. cxd5 exd5 6. Bg5 Be7 7. e3 Bf5 8. Bd3 Bxd3 9. Qxd3 0-0 10. 0-0 Nbd7 11. a3 h6 12. Bh4 Bd6 13. Rac1 Re8 14. Qf5 Rc8 15. Rfe1 Re6 16. Qc2 Qe8 17. Bg3 Bxg3 18. hxg3 Nb6 19. Ne5 c5 20. Qd1 cxd4 21. exd4 Nc4 22. Nxc4 Rxc4 23. Rxe6 Qxe6 24. Qd2 Qb6 25. Rd1 Qe6 26. Qf4 Qb6 27. Qd2 Qb3 28. Re1 Rc8 29. Re5 b5 30. Re1 a5 31. Qe2 b4 32. axb4 axb4 33. Qa6 Qc4 34. Qxc4 Rxc4 35. Nb5 Rc2 36. Rb1 Ne4 0-1

[Event "Bochum-ch"]
[Site "Bochum"]
[Date "2004.05.20"]
[Round "4"]
[White "Engelberg, Michael"]
[Black "Jellinghaus, Lars"]
[Result "0-1"]
[WhiteElo "1835"]
[BlackElo "2186"]
[PlyCount "92"]
[EventDate "2004.05.05"]
[EventType "swiss"]
[EventRounds "7"]
[EventCountry "GER"]
[SourceTitle "EXT 2006"]
[Source "ChessBase"]
[SourceDate "2005.11.24"]
[SourceVersion "1"]
[SourceVersionDate "2005.11.24"]
[SourceQuality "1"]

1. e4 e6 2. d4 d5 3. exd5 exd5 4. Nf3 Bd6 5. Bd3 Nc6 6. Be3 Nge7 7. c3 Bf5 8. 0-0 Qd7 9. Re1 f6 10. a3 0-0-0 11. c4 Bxd3 12. Qxd3 dxc4 13. Qxc4 Nd5 14. Nc3 Be7 15. Rac1 Rhe8 16. b4 Nxc3 17. Rxc3 Qd5 18. Qd3 Bd6 19. Rec1 g6 20. Nd2 Ne7 21. Nc4 Kb8 22. Qc2 Qf5 23. Nxd6 Qxc2 24. R3xc2 cxd6 25. Bf4 Nd5 26. Bg3 f5 27. Bh4 Rc8 28. Kf1 Rxc2 29. Rxc2 h6 30. h3 f4 31. Re2 Rxe2 32. Kxe2 g5 33. Kf3 gxh4 34. Ke4 Ne7 35. Kxf4 Kc7 36. Kg4 Kd7 37. Kxh4 Ke6 38. g4 Kf6 39. f4 Nd5 40. Kg3 Nc3 41. Kf3 d5 42. h4 Nb5 43. Ke3 Nxa3 44. f5 h5 45. Kf4 hxg4 46. Kxg4 Nb5 0-1

[Event "Ruhrgebiet VK1 0304"]
[Site "Ruhrgebiet"]
[Date "2003.10.19"]
[Round "2.7"]
[White "Engelberg, Michael"]
[Black "Schnirch, Siegmund"]
[Result "0-1"]
[WhiteElo "1797"]
[BlackElo "1822"]
[PlyCount "148"]
[EventDate "2003.09.28"]
[EventType "team"]
[EventRounds "9"]
[EventCountry "GER"]
[SourceTitle "EXT 2007"]
[Source "ChessBase"]
[SourceDate "2006.11.23"]
[SourceVersion "1"]
[SourceVersionDate "2006.11.23"]
[SourceQuality "1"]
[WhiteTeam "Bochum SV 02 II"]
[BlackTeam "Drewer SG"]
[WhiteTeamCountry "GER"]
[BlackTeamCountry "GER"]

1. e4 c5 2. Nf3 Nc6 3. d4 cxd4 4. Nxd4 e6 5. Nc3 Bb4 6. a3 Qa5 7. Nde2 Bc5 8. Ng3 Nge7 9. Bd3 Ne5 10. 0-0 a6 11. Bf4 Qc7 12. Nce2 N7g6 13. Bg5 h6 14. Bd2 0-0 15. Bc3 b5 16. Nd4 Qa7 17. Nf3 Nc6 18. Nh5 e5 19. Be2 Re8 20. Ng3 Qc7 21. Nf5 Bf8 22. Ne3 d6 23. Nd5 Qd8 24. a4 bxa4 25. Rxa4 Bb7 26. Bc4 Nge7 27. Ne3 Nc8 28. Ra1 N8e7 29. Nd5 Nc8 30. Qe2 a5 31. Bb5 N8a7 32. Bxa5 Nxa5 33. Bxe8 Bxd5 34. exd5 Qb6 35. Bd7 Rd8 36. Bf5 g6 37. Bd3 f5 38. Bc4 Nc8 39. b3 Ne7 40. Ra4 e4 41. Nd2 Bg7 42. Nb1 Nb7 43. Qd2 Nc5 44. Ra2 Nb7 45. Na3 Kh7 46. Nb5 Nc8 47. c3 Na5 48. Nd4 Re8 49. Rfa1 Nxc4 50. bxc4 Qc5 51. Ne6 Qxc4 52. Nxg7 Kxg7 53. Qd4+ Qxd4 54. cxd4 Re7 55. Ra8 Nb6 56. R8a5 e3 57. fxe3 Rxe3 58. Re1 Rxe1+ 59. Kf2 Rb1 60. Ra7+ Kf6 61. Rc7 Nxd5 62. Rh7 h5 63. Rd7 Ke6 64. Rg7 Ne7 65. Ke3 Kf6 66. Rh7 Rb3+ 67. Ke2 Nc6 68. d5 Ne7 69. Rh8 Nxd5 70. Rf8+ Ke6 71. Re8+ Ne7 72. h3 d5 73. Kf2 Rc3 74. Ke2 Rc8 0-1

[Event "Bochum-ch"]
[Site "Bochum"]
[Date "2002.11.13"]
[Round "4"]
[White "Schreck, Peter"]
[Black "Engelberg, Michael"]
[Result "0-1"]
[WhiteElo "1624"]
[BlackElo "1793"]
[PlyCount "86"]
[EventDate "2002.10.23"]
[EventType "swiss"]
[EventRounds "9"]
[EventCountry "GER"]
[SourceTitle "EXT 2006"]
[Source "ChessBase"]
[SourceDate "2005.11.24"]
[SourceVersion "1"]
[SourceVersionDate "2005.11.24"]
[SourceQuality "1"]

1. Nf3 Nc6 2. b3 e5 3. e4 Nf6 4. Nc3 d6 5. Be2 Be7 6. Bb2 0-0 7. 0-0 Bg4 8. h3 Bxf3 9. Bxf3 Nd4 10. Nb1 c5 11. Bxd4 cxd4 12. d3 Rc8 13. Nd2 d5 14. exd5 Nxd5 15. Bxd5 Qxd5 16. a4 Rc6 17. Re1 Rfc8 18. Nc4 Rg6 19. f3 Bd6 20. Nxd6 Qxd6 21. Qe2 f6 22. Rac1 Qe6 23. g4 Qc6 24. Qe4 Qxe4 25. Rxe4 h5 26. Kg2 Kf7 27. Kf2 hxg4 28. hxg4 Rh6 29. Kg3 Rch8 30. Rg1 g5 31. Rg2 Ke7 32. Ree2 Kd6 33. Rg1 Kc5 34. Reg2 Kb4 35. Ra1 Rh3+ 36. Kf2 Kc3 37. Ra2 Rh1 38. a5 R8h2 39. b4 Rxg2+ 40. Kxg2 Rc1 41. f4 Rxc2+ 42. Rxc2+ Kxc2 43. fxg5 fxg5 0-1

[Event "Bochum-ch"]
[Site "Bochum"]
[Date "2002.11.06"]
[Round "3"]
[White "Engelberg, Michael"]
[Black "Skara, Milenko"]
[Result "1/2-1/2"]
[WhiteElo "1793"]
[BlackElo "1870"]
[PlyCount "38"]
[EventDate "2002.10.23"]
[EventType "swiss"]
[EventRounds "9"]
[EventCountry "GER"]
[SourceTitle "EXT 2006"]
[Source "ChessBase"]
[SourceDate "2005.11.24"]
[SourceVersion "1"]
[SourceVersionDate "2005.11.24"]
[SourceQuality "1"]

1. e4 e5 2. Nf3 Nc6 3. Nc3 Nf6 4. d4 exd4 5. Nxd4 Nxe4 6. Nxe4 Qe7 7. f3 d5 8. Nxc6 bxc6 9. Bd3 dxe4 10. fxe4 Qh4+ 11. g3 Qh3 12. Qf3 Bd6 13. e5 Bxe5 14. Qxc6+ Ke7 15. Qxa8 Bxg3+ 16. hxg3 Qxg3+ 17. Kd2 Qf4+ 18. Kc3 Qe5+ 19. Kb4 Qd6+ 1/2-1/2